| 000 | 00784nam a2200229 a 4500 | ||
|---|---|---|---|
| 001 | 000042435 | ||
| 005 | 20201002040144.0 | ||
| 008 | 130902s1984 sp a 000 0 spa d | ||
| 020 | _a8434581698 | ||
| 040 |
_aDO-SdBNP _bspa _cBNPHU |
||
| 082 |
_axxx _bxxx |
||
| 100 | 1 |
_aOppermann, Hans _969579 |
|
| 240 | 1 | 0 |
_aCaesar _lAleman |
| 245 | 1 | 0 |
_aJulio Cesar / _cHans Oppermann; prólogo, Agustín Gárcia Calvo; traducción, Rosa Pilar Blanco. |
| 260 |
_aBarcelona : _bSalvat, _c1984. |
||
| 300 |
_a221 p. : _bil. ; _c20 cm. |
||
| 490 | 1 |
_aBiblioteca Salvat de grandes biografías _v24 |
|
| 504 | _aBibliografía p: 221 | ||
| 700 | 1 |
_aGárcia Calvo, Agustín _eprol. _969580 |
|
| 700 | 1 |
_aBlanco, Rosa Pilar _etrad. _969581 |
|
| 830 | 0 |
_aBiblioteca Salvat de grandes biografías _v24 _942025 |
|
| 999 |
_c41924 _d41924 |
||